Sex for sale : prostitution, pornography, and the sex industry /

Bibliographic Details
Other Authors: Weitzer, Ronald John, 1952-
Format: Book
Language:English
Published: New York : Routledge, 2000.
Subjects:

MARC

Tag First Indicator Second Indicator Subfields
LEADER 00000pam a22000004a 4500
001 in00001525713
005 20151022051105.0
008 000413s2000 nyub b 001 0 eng
010 |a  99028359  
015 |a GB99-U8561 
019 |a 42876100 
020 |a 0415922941 (hc.) 
020 |a 041592295X (pb.) 
035 |a (OCoLC)41131821 
040 |a DLC  |c DLC  |d C#P  |d VVC  |d UKM  |d TXA  |d UtOrBLW 
042 |a pcc 
049 |a TXAM 
050 0 0 |a HQ115  |b .S49 2000 
082 0 0 |a 306.74  |2 21 
245 0 0 |a Sex for sale :  |b prostitution, pornography, and the sex industry /  |c edited by Ronald Weitzer. 
264 1 |a New York :  |b Routledge,  |c 2000. 
300 |a vi, 310 pages :  |b map ;  |c 24 cm. 
336 |a text  |b txt  |2 rdacontent 
337 |a unmediated  |b n  |2 rdamedia 
338 |a volume  |b nc  |2 rdacarrier 
504 |a Includes bibliographical references (pages 265-300) and index. 
505 0 |a Why we need more research on sex work / Ronald Weitzer -- Motivations for pursuing an acting career in pornography / Sharon A. Abbott -- Smart girls who like sex: telephone sex workers / Grant Jewell Rich and Kathleen Guidroz -- Gay male video pornography: past, present, and future / Joe A. Thomas -- Why men seek out prostitutes / Martin A. Monto -- Clients and call girls: seeking sex and intimacy / Janet Lever and Deanne Dolnick -- Drug use, HIV, and the ecology of street prostitution / Judith Porter and Louis Bonilla -- Victimization and the social organization of prostitution in England and Spain / Maggie O'Neill and Rosemary Barberet -- From victims to survivors: working with recovering street prostitutes / Nanete J. Davis -- The politics of prostitution in America / Ronald Weitzer -- Power and control in the commercial sex trade / Wendy Chapkis -- Controlling lap dancing: law morality, and sex work / Jacqueline Lewis -- Inside Nevada's brothel industry / Kathryn Hausbeck and Barbara G. Brents -- Police and prostitution: vice squads in Britain / Catherine Benson and Roger Matthews. 
650 0 |a Prostitution. 
650 0 |a Pornography. 
650 0 |a Sex-oriented businesses. 
650 4 |a Pornography. 
650 4 |a Prostitution. 
650 4 |a Sex-oriented businesses. 
700 1 |a Weitzer, Ronald John,  |d 1952- 
994 |a E0  |b TXA 
948 |a cataloged  |b h  |c 2000/4/13  |d c  |e bhartsfi  |f 3:22:53 pm 
999 |a MARS 
999 f f |s 3af45c37-ca5e-3ca0-bb49-c888b1b491b1  |i 6ff30bcc-d7fa-3f6e-927a-a3114963b850  |t 0 
952 f f |p ric  |a Texas A&M University  |b Rellis Campus  |c Joint Library Facility  |d Remote Storage  |t 0  |e HQ115 .S49 2000  |h Library of Congress classification  |i unmediated -- volume  |m A14825582676 
998 f f |a HQ115 .S49 2000  |t 0  |l Remote Storage